Classification, genesis, mapping and rubber productivity [Hevea brasiliensis] of soils developed from sedimentary rocks in Peninsular Malaysia /
Saved in:
| Main Author: | |
|---|---|
| Format: | Thesis Book |
| Language: | English |
| Published: |
1985
|
| Subjects: | |
| Tags: |
Add Tag
No Tags, Be the first to tag this record!
|
| LEADER | 01102cam a2200289 4500 | ||
|---|---|---|---|
| 001 | u49761 | ||
| 003 | SIRSI | ||
| 008 | 870316s1985 my bt 0 eng m | ||
| 015 | |a X860001989 | ||
| 035 | |a AAF-3554 | ||
| 040 | |a UMM | ||
| 043 | |a a-my--- | ||
| 090 | 0 | 0 | |a S599.6 |b M4Cha |
| 091 | 0 | 0 | |a Microfiche 9691 |
| 100 | 1 | 0 | |a Chan, Heun Yin |
| 245 | 1 | 0 | |a Classification, genesis, mapping and rubber productivity [Hevea brasiliensis] of soils developed from sedimentary rocks in Peninsular Malaysia / |c by Chan Heun Yin |
| 260 | |c 1985 | ||
| 300 | |a xiv, 265 leaves : |b ill., maps [5 fold. in backpocket] ; |c 30cm | ||
| 500 | |a Also available on microfiche. Kuala Lumpur: Perpustakaan Universiti Malaya, 1994. 4 fiches : negative ; 11x15 cm. | ||
| 502 | |a Thesis (Ph.D.) -- Fakulti Sains, Universiti Malaya, 1985 | ||
| 504 | 0 | 0 | |a Bibliography: leaves 201-211 |
| 650 | 0 | |a Hevea. | |
| 650 | 0 | |a Plant-soil relationships |z Malaysia | |
| 650 | 0 | |a Biological productivity |z Malaysia | |
| 948 | |a 16/03/1991 |b 16/07/2002 | ||
| 596 | |a 1 | ||
| 999 | |a S599.6 M4CHA |w LC |c 1 |i A010115332 |l STACKS |m P01UTAMA |r Y |s Y |t TESIS |u 23/4/1992 | ||
